| 000 | 00607nam a2200145Ia 4500 | ||
|---|---|---|---|
| 008 | 170221s9999 xx 000 0 und d | ||
| 100 | _aShahid Rasool | ||
| 245 | _aConsumer Innovativeness in Consumer-Company Relationship and Mediating Role of Consumer Value: An Empirical Study of Cell Phone Users in Pakistan | ||
| 245 | _cShahid Rasool, Asif Ayub Kiyani, Fadilah Binti Siali, Hiram Ting, Mahani Mohammad Abdu Shakur | ||
| 260 | _bInternational Review of Management and Marketing | ||
| 260 | _c2014 | ||
| 300 | _a4 : 1 | ||
| 650 | _xMarketing. | ||
| 856 | _uhttp://www.econjournals.com/index.php/irmm | ||
| 999 |
_c313707 _d313707 |
||